[Event "25. Open Cappelle la Grande 2009"]
[Site "Cappelle la Grande FRA"]
[Date "2009.03.01"]
[Round "3.49"]
[White "Ovetchkin, Roman"]
[Black "Vernay, Clovis"]
[Result "1/2-1/2"]
[WhiteElo "2546"]
[BlackElo "2339"]
[PlyCount "42"]
[EventDate "2009.02.28"]
[EventType "swiss"]
[EventRounds "9"]
[EventCountry "FRA"]
[Source "lmi"]
[SourceDate "2009.02.28"]

1. e4 e6 2. d4 d5 3. Nc3 Bb4 4. exd5 exd5 5. Bd3 Nf6 6. Nge2 O-O 7. O-O Re8 8.
Ng3 c6 9. Nce2 Nbd7 10. c3 Bf8 11. Qc2 c5 12. dxc5 Nxc5 13. Bb5 Bd7 14. Bxd7
Qxd7 15. Be3 Ng4 16. Bd4 Ne4 17. Rad1 Bd6 18. Qb3 h5 19. h3 h4 20. hxg4 hxg3
21. fxg3 Bxg3 1/2-1/2

[Event "25. Open Cappelle la Grande 2009"]
[Site "Cappelle la Grande FRA"]
[Date "2009.03.01"]
[Round "3.39"]
[White "Al Muhairi, Ibrahim Ismail S.I"]
[Black "Brodsky, Michail"]
[Result "0-1"]
[WhiteElo "2108"]
[BlackElo "2518"]
[PlyCount "66"]
[EventDate "2009.02.28"]
[EventType "swiss"]
[EventRounds "9"]
[EventCountry "FRA"]
[Source "lmi"]
[SourceDate "2009.02.28"]

1. e4 c5 2. c3 d6 3. Nf3 Nf6 4. Be2 g6 5. O-O Bg7 6. Re1 O-O 7. Bf1 Bg4 8. h3
Bxf3 9. Qxf3 Nc6 10. Na3 e6 11. d3 Ne8 12. Qg3 Nc7 13. h4 b5 14. Nc2 b4 15. Bg5
Qd7 16. d4 bxc3 17. bxc3 cxd4 18. cxd4 Rab8 19. d5 exd5 20. exd5 Ne5 21. f4 h6
22. Bxh6 Bxh6 23. fxe5 dxe5 24. Rad1 Bg7 25. Bd3 Qxd5 26. h5 Qc5+ 27. Ne3 e4
28. Bxe4 Rbe8 29. Rc1 Qxh5 30. Nc4 Bd4+ 31. Ne3 Rxe4 32. Rxc7 Qh6 33. Kf2 Rfe8
0-1

[Event "25. Open Cappelle la Grande 2009"]
[Site "Cappelle la Grande FRA"]
[Date "2009.03.01"]
[Round "3.38"]
[White "Apicella, Manuel"]
[Black "Dragun, Kamil"]
[Result "0-1"]
[WhiteElo "2517"]
[BlackElo "2178"]
[PlyCount "172"]
[EventDate "2009.02.28"]
[EventType "swiss"]
[EventRounds "9"]
[EventCountry "FRA"]
[Source "lmi"]
[SourceDate "2009.02.28"]

1. e4 c5 2. Nf3 d6 3. d4 cxd4 4. Nxd4 Nf6 5. Nc3 Nc6 6. Be2 g6 7. Nb3 Bg7 8.
O-O O-O 9. Bg5 a6 10. Re1 b5 11. Bf1 h6 12. Bh4 g5 13. Bg3 b4 14. Nd5 Nxd5 15.
exd5 Ne5 16. a3 bxa3 17. Rxa3 f5 18. f3 f4 19. Bf2 g4 20. Nd4 gxf3 21. Nxf3
Nxf3+ 22. Qxf3 Bxb2 23. Ra4 Bg7 24. Rxf4 Rxf4 25. Qxf4 Qf8 26. Qh4 Bf5 27. c4
a5 28. c5 a4 29. Bc4 a3 30. Ba2 Rb8 31. cxd6 exd6 32. Qa4 Ra8 33. Qb4 Qf6 34.
g4 Bg6 35. h4 Rf8 36. Qd2 Qf3 37. Qe2 Qxe2 38. Rxe2 Rb8 39. Re3 Ra8 40. Kg2 Bf7
41. Rd3 Bg6 42. Re3 Bf7 43. Rd3 Ra4 44. Kf3 Be8 45. Rb3 Bd7 46. Rb8+ Kf7 47.
Rb7 Ke8 48. g5 hxg5 49. hxg5 Bg4+ 50. Kg2 Be5 51. Rb3 Bf5 52. Kf1 Kf7 53. Be3
Kg6 54. Bc1 Rh4 55. Bxa3 Rh1+ 56. Ke2 Rh2+ 57. Ke3 Rxa2 58. Bxd6 Bb2 59. Be7
Bc1+ 60. Kd4 Rd2+ 61. Kc5 Rc2+ 62. Kb6 Bf4 63. Bc5 Bxg5 64. d6 Bd7 65. Be3 Bd8+
66. Kb7 Kf5 67. Bb6 Bf6 68. Rf3+ Ke6 69. Rf2 Rc4 70. Rf1 Be5 71. Re1 Kxd6 72.
Rd1+ Ke6 73. Re1 Bc6+ 74. Ka6 Ra4+ 75. Ba5 Kd6 76. Rc1 Ra2 77. Rd1+ Kc5 78.
Rc1+ Kd5 79. Rd1+ Bd4 80. Rc1 Rb2 81. Bc3 Ra2+ 82. Ba5 Bc5 83. Rd1+ Ke6 84. Rc1
Kd6 85. Rd1+ Bd5 86. Rd2 Kc6 0-1

[Event "25. Open Cappelle la Grande 2009"]
[Site "Cappelle la Grande FRA"]
[Date "2009.03.01"]
[Round "3.33"]
[White "Kostiuk, Tatiana"]
[Black "Sanikidze, Tornike"]
[Result "0-1"]
[WhiteElo "2246"]
[BlackElo "2522"]
[PlyCount "44"]
[EventDate "2009.02.28"]
[EventType "swiss"]
[EventRounds "9"]
[EventCountry "FRA"]
[Source "lmi"]
[SourceDate "2009.02.28"]

1. d4 d5 2. c4 e6 3. Nc3 Bb4 4. cxd5 exd5 5. Nf3 Nf6 6. Bg5 h6 7. Bh4 g5 8. Bg3
Ne4 9. Rc1 h5 10. Qa4+ Nc6 11. Ne5 Bd7 12. Nxc6 Bxc3+ 13. bxc3 Bxc6 14. Qb3 f6
15. f3 Nxg3 16. hxg3 Qd6 17. Kf2 h4 18. gxh4 O-O-O 19. g4 f5 20. e3 f4 21. Bb5
Rhe8 22. Bxc6 Qxc6 0-1

[Event "25. Open Cappelle la Grande 2009"]
[Site "Cappelle la Grande FRA"]
[Date "2009.03.01"]
[Round "3.68"]
[White "Makropoulou, Marina"]
[Black "Nalbandian, Tigran"]
[Result "0-1"]
[WhiteElo "2262"]
[BlackElo "2471"]
[PlyCount "64"]
[EventDate "2009.02.28"]
[EventType "swiss"]
[EventRounds "9"]
[EventCountry "FRA"]
[Source "lmi"]
[SourceDate "2009.02.28"]

1. e4 Nf6 2. e5 Nd5 3. d4 d6 4. c4 Nb6 5. exd6 exd6 6. Nc3 Nc6 7. h3 Bf5 8. Be3
Be7 9. Nf3 O-O 10. Rc1 Bf6 11. b3 Re8 12. Be2 d5 13. c5 Nc8 14. O-O h6 15. Re1
N8e7 16. a3 Be4 17. g4 Ng6 18. b4 a6 19. Qd2 Qd7 20. Rcd1 Rad8 21. Nh2 Nh4 22.
a4 Bg2 23. b5 axb5 24. axb5 Na5 25. Bxh6 Nb3 26. Qf4 Be4 27. Nxe4 Rxe4 28. Qg3
Nxd4 29. Rxd4 Bxd4 30. Qxh4 gxh6 31. Nf3 Bg7 32. Nd2 Qe7 0-1

[Event "25. Open Cappelle la Grande 2009"]
[Site "Cappelle la Grande FRA"]
[Date "2009.03.01"]
[Round "3.73"]
[White "Mandon, Fabrice"]
[Black "Vocaturo, Daniele"]
[Result "0-1"]
[WhiteElo "2225"]
[BlackElo "2445"]
[PlyCount "50"]
[EventDate "2009.02.28"]
[EventType "swiss"]
[EventRounds "9"]
[EventCountry "FRA"]
[Source "lmi"]
[SourceDate "2009.02.28"]

1. e4 e5 2. Nf3 Nc6 3. d4 exd4 4. Nxd4 Bb4+ 5. c3 Bc5 6. Bc4 Ne5 7. Be2 Nf6 8.
O-O Ng6 9. Nd2 O-O 10. f4 d6 11. Bd3 Re8 12. Qc2 Bd7 13. Kh1 Qe7 14. b3 Rad8
15. Bb2 Nh5 16. g3 Nf6 17. Rae1 h5 18. e5 dxe5 19. Bxg6 fxg6 20. Qxg6 Qd6 21.
fxe5 Rxe5 22. Rxe5 Qxe5 23. N2f3 Qe8 24. Qg5 Bxd4 25. cxd4 Qe2 0-1

[Event "25. Open Cappelle la Grande 2009"]
[Site "Cappelle la Grande FRA"]
[Date "2009.03.01"]
[Round "3.71"]
[White "Massoni, Michael"]
[Black "Lushenkov, Mikhail"]
[Result "0-1"]
[WhiteElo "2244"]
[BlackElo "2462"]
[PlyCount "56"]
[EventDate "2009.02.28"]
[EventType "swiss"]
[EventRounds "9"]
[EventCountry "FRA"]
[Source "lmi"]
[SourceDate "2009.02.28"]

1. e4 e5 2. Nf3 Nc6 3. Bb5 a6 4. Ba4 Nf6 5. d3 b5 6. Bb3 Be7 7. O-O O-O 8. Nbd2
d6 9. c3 Na5 10. Bc2 c5 11. Re1 Nc6 12. Nf1 Be6 13. Ng3 Rc8 14. h3 h6 15. Nh2
Nh7 16. Ng4 Bg5 17. Ne3 g6 18. Bb3 Kg7 19. Nd5 Bxc1 20. Rxc1 Qh4 21. Qe2 Na5
22. Bc2 f5 23. Nh1 Ng5 24. f3 fxe4 25. dxe4 Bxh3 26. gxh3 Rxf3 27. Rf1 Rcf8 28.
Rxf3 Nxf3+ 0-1

[Event "25. Open Cappelle la Grande 2009"]
[Site "Cappelle la Grande FRA"]
[Date "2009.03.02"]
[Round "4.22"]
[White "Le Roux, Jean-Pierre"]
[Black "David, Alberto"]
[Result "0-1"]
[WhiteElo "2491"]
[BlackElo "2602"]
[PlyCount "54"]
[EventDate "2009.02.28"]
[EventType "swiss"]
[EventRounds "9"]
[EventCountry "FRA"]
[Source "lmi"]
[SourceDate "2009.02.28"]

1. d4 Nf6 2. Nf3 c5 3. d5 b5 4. Bg5 Qb6 5. Bxf6 exf6 6. a4 b4 7. Nbd2 d6 8. e4
Be7 9. Bb5+ Nd7 10. O-O O-O 11. Nc4 Qc7 12. Ne3 a6 13. Be2 f5 14. Nxf5 Bf6 15.
Rb1 Re8 16. Nd2 Nb6 17. a5 Na4 18. Nc4 Bxf5 19. exf5 Bxb2 20. Nb6 Nc3 21. Nxa8
Qxa5 22. Qd3 Nxb1 23. Rxb1 Rxa8 24. g3 Bc3 25. Qc4 Qd8 26. Bd3 Kf8 27. f6 g6
0-1

[Event "25. Open Cappelle la Grande 2009"]
[Site "Cappelle la Grande FRA"]
[Date "2009.03.02"]
[Round "4.35"]
[White "Zdebskaja, Natalia"]
[Black "Shneider, Aleksandr"]
[Result "1-0"]
[WhiteElo "2428"]
[BlackElo "2539"]
[PlyCount "55"]
[EventDate "2009.02.28"]
[EventType "swiss"]
[EventRounds "9"]
[EventCountry "FRA"]
[Source "lmi"]
[SourceDate "2009.02.28"]

1. e4 c5 2. Nf3 d6 3. d4 cxd4 4. Nxd4 Nf6 5. Nc3 a6 6. Be2 e5 7. Nb3 Be7 8. O-O
Be6 9. f4 Qc7 10. Kh1 O-O 11. f5 Bc4 12. g4 d5 13. g5 Nxe4 14. Nxe4 dxe4 15. f6
Bd6 16. Bxc4 Qxc4 17. Be3 Rd8 18. fxg7 Nc6 19. Nd2 Qd5 20. c4 Qd3 21. Qg4 Qxe3
22. Qf5 Kxg7 23. Qxf7+ Kh8 24. Qf6+ Kg8 25. Qe6+ Kh8 26. Rf7 Qxg5 27. Rg1 Qxg1+
28. Kxg1 1-0

[Event "25. Open Cappelle la Grande 2009"]
[Site "Cappelle la Grande FRA"]
[Date "2009.03.02"]
[Round "4.44"]
[White "Bronowicki, Mateusz"]
[Black "Ulibin, Mikhail"]
[Result "0-1"]
[WhiteElo "2366"]
[BlackElo "2511"]
[PlyCount "48"]
[EventDate "2009.02.28"]
[EventType "swiss"]
[EventRounds "9"]
[EventCountry "FRA"]
[Source "lmi"]
[SourceDate "2009.02.28"]

1. d4 e6 2. c4 f5 3. g3 Nf6 4. Bg2 c6 5. Nh3 d5 6. O-O Bd6 7. Bf4 Be7 8. Nc3
O-O 9. Qc2 Nh5 10. Rad1 Nd7 11. b3 Nxf4 12. Nxf4 Nf6 13. Nh3 Bd7 14. f3 c5 15.
e3 Rc8 16. Qd3 cxd4 17. exd4 dxc4 18. bxc4 Qc7 19. d5 Qxc4 20. dxe6 Bxe6 21.
Rfe1 Qxd3 22. Rxd3 Bc4 23. Rdd1 Bb4 24. Rc1 Bd6 0-1

[Event "25. Open Cappelle la Grande 2009"]
[Site "Cappelle la Grande FRA"]
[Date "2009.03.02"]
[Round "4.46"]
[White "Abergel, Thal"]
[Black "Mancini, Mario"]
[Result "1-0"]
[WhiteElo "2509"]
[BlackElo "2258"]
[PlyCount "71"]
[EventDate "2009.02.28"]
[EventType "swiss"]
[EventRounds "9"]
[EventCountry "FRA"]
[Source "lmi"]
[SourceDate "2009.02.28"]

1. e4 e5 2. Nf3 Nc6 3. Bc4 Be7 4. d4 d6 5. d5 Nb8 6. Bd3 c5 7. h3 Nd7 8. Nbd2
Nf8 9. a4 Ng6 10. Nc4 b6 11. g3 h5 12. Be3 Nh6 13. Qd2 f6 14. Bxh6 Rxh6 15. Ne3
a6 16. Qe2 Rh7 17. Nf5 Nf8 18. Nd2 g6 19. Nh4 Qc7 20. f4 Ra7 21. O-O-O Bd7 22.
Bxa6 Bxa4 23. b3 Bd7 24. Kb2 Kd8 25. f5 g5 26. Ng2 Ke8 27. Ra1 Bd8 28. Bb5 Ke7
29. Rxa7 Qxa7 30. Bc6 Qc7 31. Qb5 Bc8 32. Ra1 Nd7 33. Nc4 Nb8 34. Ra8 Rf7 35.
Nge3 Nd7 36. Nxd6 1-0

[Event "25. Open Cappelle la Grande 2009"]
[Site "Cappelle la Grande FRA"]
[Date "2009.03.02"]
[Round "4.48"]
[White "Smirnov, Igor"]
[Black "Lefebvre, Herve"]
[Result "1-0"]
[WhiteElo "2505"]
[BlackElo "2246"]
[PlyCount "63"]
[EventDate "2009.02.28"]
[EventType "swiss"]
[EventRounds "9"]
[EventCountry "FRA"]
[Source "lmi"]
[SourceDate "2009.02.28"]

1. e4 c5 2. Nf3 Nc6 3. d4 cxd4 4. Nxd4 Nf6 5. Nc3 e5 6. Ndb5 d6 7. Nd5 Nxd5 8.
exd5 Nb8 9. a4 Be7 10. Be2 O-O 11. O-O Nd7 12. f4 f5 13. fxe5 Nxe5 14. Be3 a6
15. Nd4 g5 16. g3 Bd7 17. Qd2 Rc8 18. b3 h6 19. Bd3 Nxd3 20. Qxd3 Bf6 21. Rae1
Be5 22. Nxf5 Rc3 23. Qe4 Bxf5 24. Rxf5 Rxf5 25. Qxf5 Qf6 26. Qe4 Kg7 27. Rf1
Qg6 28. Qf3 Rxc2 29. Qf8+ Kh7 30. Qe7+ Bg7 31. Bd4 g4 32. Bxg7 1-0

[Event "25. Open Cappelle la Grande 2009"]
[Site "Cappelle la Grande FRA"]
[Date "2009.03.02"]
[Round "4.23"]
[White "Vorobiov, Evgeny E"]
[Black "Housieaux, David"]
[Result "1-0"]
[WhiteElo "2591"]
[BlackElo "2419"]
[PlyCount "133"]
[EventDate "2009.02.28"]
[EventType "swiss"]
[EventRounds "9"]
[EventCountry "FRA"]
[Source "lmi"]
[SourceDate "2009.02.28"]

1. d4 Nf6 2. c4 g6 3. Nc3 Bg7 4. e4 d6 5. Be2 O-O 6. Bg5 c5 7. d5 a6 8. a4 Re8
9. Nf3 h6 10. Bf4 e5 11. Bd2 Nh5 12. g3 Bh3 13. Bf1 Bc8 14. Bg2 f5 15. exf5
Bxf5 16. O-O Nf6 17. Be3 g5 18. Nd2 e4 19. Qc2 Qe7 20. Rae1 Nbd7 21. f3 Bh7 22.
Ndxe4 Nxe4 23. Nxe4 Bxe4 24. fxe4 Ne5 25. Bd2 b5 26. axb5 axb5 27. cxb5 Qb7 28.
Bc3 Qxb5 29. Rf5 Re7 30. Ref1 Rea7 31. Qd1 Qe8 32. Bh3 Re7 33. R5f2 Kh8 34. Be6
Rea7 35. Rf5 Rb8 36. Qe1 Rba8 37. Qd2 Ra1 38. Kg2 Rxf1 39. Rxf1 Qa4 40. Qe2 Qc4
41. Qh5 Qxe4+ 42. Kh3 Rb8 43. Bxe5 g4+ 44. Bxg4 Qxe5 45. Qg6 Rxb2 46. Rf5 Qe7
47. Rf7 Qe5 48. Rd7 Rf2 49. Rd8+ Rf8 50. Bf5 Qxf5+ 51. Qxf5 Rxd8 52. Qe6 c4 53.
Qe7 Rf8 54. Qxd6 c3 55. Qc6 Rf2 56. d6 Rf8 57. d7 Rd8 58. Qg6 Rf8 59. Qb6 c2
60. Qc6 Kg8 61. Qc4+ Kh8 62. Qxc2 Bf6 63. Qg6 Bg5 64. Kg2 Rg8 65. Qf7 Rg7 66.
Qf8+ Rg8 67. d8=Q 1-0

[Event "25. Open Cappelle la Grande 2009"]
[Site "Cappelle la Grande FRA"]
[Date "2009.03.02"]
[Round "4.50"]
[White "Givon, Asaf"]
[Black "Heberla, Bartlomiej"]
[Result "0-1"]
[WhiteElo "2111"]
[BlackElo "2500"]
[PlyCount "44"]
[EventDate "2009.02.28"]
[EventType "swiss"]
[EventRounds "9"]
[EventCountry "FRA"]
[Source "lmi"]
[SourceDate "2009.02.28"]

1. e4 c5 2. Nf3 g6 3. c4 Bg7 4. d4 Qb6 5. dxc5 Qxc5 6. Bd3 d6 7. O-O Nc6 8. h3
Be6 9. Nbd2 Nb4 10. Be2 Nf6 11. a3 Nc6 12. Nb3 Qb6 13. Be3 Qc7 14. Qc2 O-O 15.
Nbd4 Nxd4 16. Nxd4 Bd7 17. Rac1 Rfc8 18. f4 e5 19. Nb3 exf4 20. Bxf4 Qb6+ 21.
c5 dxc5 22. Nxc5 Nd5 0-1

[Event "25. Open Cappelle la Grande 2009"]
[Site "Cappelle la Grande FRA"]
[Date "2009.03.02"]
[Round "4.51"]
[White "Drozdovskij, Yuri"]
[Black "Robert, Pierre"]
[Result "1-0"]
[WhiteElo "2607"]
[BlackElo "2093"]
[PlyCount "39"]
[EventDate "2009.02.28"]
[EventType "swiss"]
[EventRounds "9"]
[EventCountry "FRA"]
[Source "lmi"]
[SourceDate "2009.02.28"]

1. d4 Nf6 2. c4 g6 3. Nc3 Bg7 4. Nf3 d6 5. h3 O-O 6. Bf4 c5 7. d5 Nbd7 8. e4 a6
9. a4 Nh5 10. Bh2 Qa5 11. Nd2 Bxc3 12. bxc3 Qxc3 13. Be2 Ne5 14. O-O Bd7 15.
Rc1 Qd4 16. a5 Nf6 17. Qc2 Nxe4 18. Nxe4 Bf5 19. Bxe5 dxe5 20. Bf3 1-0

[Event "25. Open Cappelle la Grande 2009"]
[Site "Cappelle la Grande FRA"]
[Date "2009.03.02"]
[Round "4.84"]
[White "Pace, Colin"]
[Black "Clery, Nicolas"]
[Result "0-1"]
[WhiteElo "2159"]
[BlackElo "2373"]
[PlyCount "62"]
[EventDate "2009.02.28"]
[EventType "swiss"]
[EventRounds "9"]
[EventCountry "FRA"]
[Source "lmi"]
[SourceDate "2009.02.28"]

1. e4 e6 2. d4 d5 3. Nd2 Nf6 4. e5 Nfd7 5. Bd3 c5 6. c3 Nc6 7. Ne2 cxd4 8. cxd4
f6 9. exf6 Nxf6 10. Nf3 Bd6 11. O-O Qc7 12. Nc3 a6 13. Bg5 O-O 14. Bh4 Nh5 15.
Rc1 g6 16. Na4 Bd7 17. Nc5 Rae8 18. Nxd7 Qxd7 19. Re1 Qg7 20. Bf1 Bb8 21. Rc3
Ba7 22. Rce3 Nxd4 23. Nxd4 Qxd4 24. Qxd4 Bxd4 25. Rxe6 Rxe6 26. Rxe6 g5 27.
Bxg5 Bxf2+ 28. Kh1 Bh4 29. Be2 Bxg5 30. Re5 h6 31. h4 Ng3+ 0-1

[Event "25. Open Cappelle la Grande 2009"]
[Site "Cappelle la Grande FRA"]
[Date "2009.03.03"]
[Round "5.67"]
[White "Hebden, Mark L"]
[Black "Denayer, Eric"]
[Result "1-0"]
[WhiteElo "2522"]
[BlackElo "2265"]
[PlyCount "53"]
[EventDate "2009.02.28"]
[EventType "swiss"]
[EventRounds "9"]
[EventCountry "FRA"]
[Source "lmi"]
[SourceDate "2009.02.28"]

1. d4 Nf6 2. Nf3 g6 3. Nc3 d5 4. Bf4 Bg7 5. Qd2 Ne4 6. Nxe4 dxe4 7. Ne5 f6 8.
Nc4 Be6 9. e3 O-O 10. Be2 c6 11. O-O Nd7 12. Rad1 h5 13. h3 g5 14. Bh2 f5 15.
Na5 Qe8 16. Nxb7 Qg6 17. Qa5 Kh7 18. Nc5 Nxc5 19. Qxc5 f4 20. exf4 Rf5 21. Qxc6
Rc8 22. Qxe4 Bd5 23. Qd3 gxf4 24. f3 Bc4 25. Qe4 Rg8 26. Qxf5 Qxf5 27. Bxc4 1-0

[Event "25. Open Cappelle la Grande 2009"]
[Site "Cappelle la Grande FRA"]
[Date "2009.03.03"]
[Round "5.91"]
[White "Karim, Ismael"]
[Black "Delorme, Laurie"]
[Result "1-0"]
[WhiteElo "2407"]
[BlackElo "2171"]
[PlyCount "99"]
[EventDate "2009.02.28"]
[EventType "swiss"]
[EventRounds "9"]
[EventCountry "FRA"]
[Source "lmi"]
[SourceDate "2009.02.28"]

1. e4 e5 2. Nf3 Nc6 3. Bb5 a6 4. Bxc6 dxc6 5. O-O Bd6 6. d4 exd4 7. Qxd4 f6 8.
Be3 Be6 9. Nbd2 Ne7 10. Qc3 Ng6 11. Nd4 Qe7 12. Nxe6 Qxe6 13. Qb3 Qxb3 14. axb3
O-O-O 15. Rfd1 Rhe8 16. f3 Bf4 17. Nf1 Bxe3+ 18. Nxe3 Nf4 19. Kf2 Ne6 20. g3 c5
21. c3 Rxd1 22. Rxd1 b6 23. f4 Nd8 24. Kf3 Nf7 25. Nf5 g6 26. Nh4 Nd6 27. Re1
Nb7 28. e5 f5 29. g4 fxg4+ 30. Kxg4 Kd7 31. Nf3 Nd8 32. Ng5 h6 33. Ne4 Ke6 34.
Nf6 Re7 35. h4 Rg7 36. Rd1 h5+ 37. Kf3 Nc6 38. Ke4 Na5 39. Rd8 Nxb3 40. Re8+
Re7 41. Rxe7+ Kxe7 42. f5 Nd2+ 43. Kf4 gxf5 44. Kxf5 c6 45. Nxh5 Nc4 46. Nf4
Nxb2 47. Ng6+ Ke8 48. h5 Nc4 49. h6 Ne3+ 50. Kg5 1-0

[Event "25. Open Cappelle la Grande 2009"]
[Site "Cappelle la Grande FRA"]
[Date "2009.03.03"]
[Round "5.65"]
[White "Lalic, Bogdan"]
[Black "Van De Berkmortel, Theo"]
[Result "1-0"]
[WhiteElo "2538"]
[BlackElo "2274"]
[PlyCount "63"]
[EventDate "2009.02.28"]
[EventType "swiss"]
[EventRounds "9"]
[EventCountry "FRA"]
[Source "lmi"]
[SourceDate "2009.02.28"]

1. d4 Nf6 2. c4 g6 3. Nc3 Bg7 4. e4 d6 5. f3 O-O 6. Nge2 c5 7. Be3 cxd4 8. Nxd4
Nc6 9. Qd2 Nxd4 10. Bxd4 Qa5 11. Rc1 a6 12. Be2 Be6 13. b3 Rfc8 14. Be3 b5 15.
Nd5 Qxd2+ 16. Kxd2 Bxd5 17. cxd5 Nd7 18. Rc6 Bb2 19. Rb1 Ba3 20. b4 Ne5 21. Rc3
Rxc3 22. Kxc3 a5 23. bxa5 b4+ 24. Rxb4 Rc8+ 25. Rc4 Nxc4 26. Bxc4 Kf8 27. Kb3
Bc5 28. Bxc5 Rxc5 29. a6 Ke8 30. Kb4 Rc7 31. Bb5+ Kd8 32. Ka5 1-0

[Event "25. Open Cappelle la Grande 2009"]
[Site "Cappelle la Grande FRA"]
[Date "2009.03.03"]
[Round "5.94"]
[White "Pijpers, Arthur"]
[Black "Sveshnikov, Vladimir"]
[Result "1-0"]
[WhiteElo "2150"]
[BlackElo "2397"]
[PlyCount "51"]
[EventDate "2009.02.28"]
[EventType "swiss"]
[EventRounds "9"]
[EventCountry "FRA"]
[Source "lmi"]
[SourceDate "2009.02.28"]

1. e4 c5 2. Nf3 Nc6 3. d4 cxd4 4. Nxd4 e5 5. Nb5 d6 6. N1c3 a6 7. Na3 b5 8. Nd5
Nge7 9. c4 Nd4 10. cxb5 Nxd5 11. exd5 Be7 12. Bd3 Bd7 13. bxa6 Qa5+ 14. Bd2
Qxd5 15. O-O O-O 16. Be3 Rfb8 17. Qb1 Bc6 18. f3 Qc5 19. Rc1 Ne2+ 20. Kf2 Qxe3+
21. Kxe3 Nxc1 22. Bxh7+ Kh8 23. Qf5 g6 24. Qxf7 Bg5+ 25. Kf2 Nd3+ 26. Kf1 1-0

[Event "25. Open Cappelle la Grande 2009"]
[Site "Cappelle la Grande FRA"]
[Date "2009.03.03"]
[Round "5.80"]
[White "Sanchez, Joseph"]
[Black "Ask, Josef"]
[Result "1-0"]
[WhiteElo "2461"]
[BlackElo "2225"]
[PlyCount "45"]
[EventDate "2009.02.28"]
[EventType "swiss"]
[EventRounds "9"]
[EventCountry "FRA"]
[Source "lmi"]
[SourceDate "2009.02.28"]

1. e4 e5 2. Nf3 Nc6 3. Bb5 Nge7 4. O-O Ng6 5. Nc3 Bc5 6. d3 O-O 7. Be3 Bb6 8.
a4 d6 9. Nd5 h6 10. c3 Nce7 11. Nxb6 axb6 12. d4 Nc6 13. Qe2 Qe7 14. dxe5 dxe5
15. b4 Qf6 16. Nd2 Nd8 17. Rfd1 Ne6 18. g3 Ng5 19. h4 Nh3+ 20. Kg2 Nhf4+ 21.
gxf4 exf4 22. Bd4 f3+ 23. Nxf3 1-0

[Event "25. Open Cappelle la Grande 2009"]
[Site "Cappelle la Grande FRA"]
[Date "2009.03.03"]
[Round "5.85"]
[White "Zilberman, Yaacov"]
[Black "Doluhanova, Evgeniya"]
[Result "1-0"]
[WhiteElo "2443"]
[BlackElo "2216"]
[PlyCount "55"]
[EventDate "2009.02.28"]
[EventType "swiss"]
[EventRounds "9"]
[EventCountry "FRA"]
[Source "lmi"]
[SourceDate "2009.02.28"]

1. d4 d5 2. c4 c6 3. Nf3 Nf6 4. Nc3 e6 5. Bg5 Nbd7 6. cxd5 cxd5 7. e3 a6 8. Bd3
Bd6 9. O-O h6 10. Bh4 O-O 11. Qe2 Re8 12. a4 Qa5 13. Rfd1 Bb4 14. Qc2 Nh5 15.
Rac1 Be7 16. Bxe7 Rxe7 17. Ne5 Nhf6 18. Ne2 Nf8 19. Qb3 Rc7 20. Rxc7 Qxc7 21.
Rc1 Qa5 22. g3 N6d7 23. Nxd7 Nxd7 24. Kg2 Rb8 25. Qa3 Qd8 26. Qd6 b5 27. a5
Qxa5 28. Qxb8 1-0

[Event "25. Open Cappelle la Grande 2009"]
[Site "Cappelle la Grande FRA"]
[Date "2009.03.03"]
[Round "5.25"]
[White "Zinchenko, Yaroslav"]
[Black "Fayard, Alain"]
[Result "1-0"]
[WhiteElo "2527"]
[BlackElo "2250"]
[PlyCount "81"]
[EventDate "2009.02.28"]
[EventType "swiss"]
[EventRounds "9"]
[EventCountry "FRA"]
[Source "lmi"]
[SourceDate "2009.02.28"]

1. e4 e5 2. Nf3 Nf6 3. d4 Nxe4 4. dxe5 Bc5 5. Bc4 d5 6. Qxd5 Qxd5 7. Bxd5 Nxf2
8. Rf1 c6 9. Bb3 Ne4 10. Nbd2 Nxd2 11. Bxd2 h6 12. Nh4 Rf8 13. O-O-O Na6 14.
Nf5 Bxf5 15. Rxf5 Rd8 16. Rdf1 Rd7 17. e6 fxe6 18. Bxe6 Rc7 19. Rxf8+ Bxf8 20.
Bf4 Re7 21. Bf5 Re2 22. Bg4 Re4 23. Bh5+ Kd7 24. Rd1+ Ke6 25. g3 Be7 26. Bf3
Ra4 27. Re1+ Kf7 28. Bh5+ Kf6 29. Be5+ Kg5 30. Bxg7 Kxh5 31. Rxe7 Rxa2 32. Kb1
Ra5 33. Rxb7 Rf5 34. Bc3 Nc5 35. Rxa7 Ne4 36. Bg7 Rf2 37. Ra6 Kg6 38. Be5 Rxh2
39. Rxc6+ Kf5 40. Bb8 Rh3 41. b4 1-0

[Event "25. Open Cappelle la Grande 2009"]
[Site "Cappelle la Grande FRA"]
[Date "2009.03.03"]
[Round "5.97"]
[White "Zozulia, Anna"]
[Black "Demidowicz, Maria"]
[Result "1-0"]
[WhiteElo "2376"]
[BlackElo "2131"]
[PlyCount "71"]
[EventDate "2009.02.28"]
[EventType "swiss"]
[EventRounds "9"]
[EventCountry "FRA"]
[Source "lmi"]
[SourceDate "2009.02.28"]

1. e4 e5 2. Nf3 Nc6 3. Bb5 a6 4. Ba4 Nf6 5. O-O Be7 6. Re1 b5 7. Bb3 O-O 8. h3
Bb7 9. d3 Re8 10. a3 Bf8 11. Nc3 h6 12. Nd5 Na5 13. Nxf6+ Qxf6 14. Ba2 c5 15.
Nh2 Qb6 16. Ng4 c4 17. dxc4 Nxc4 18. Bxc4 bxc4 19. Qxd7 Rad8 20. Qf5 Bc8 21.
Qf3 Bc5 22. Rb1 Be6 23. Be3 Bd4 24. Nxe5 f6 25. Ng4 h5 26. Bxd4 Rxd4 27. Ne3
Bf7 28. Nf5 Rd2 29. Rbd1 Rxc2 30. Rd7 h4 31. Rf1 Rf8 32. Qg4 g5 33. Nh6+ Kg7
34. Qh5 Qe6 35. Nf5+ Kg8 36. Qh6 1-0

[Event "25. Open Cappelle la Grande 2009"]
[Site "Cappelle la Grande FRA"]
[Date "2009.03.03"]
[Round "5.35"]
[White "Babaev, Rashad"]
[Black "Drozdovskij, Yuri"]
[Result "1/2-1/2"]
[WhiteElo "2491"]
[BlackElo "2607"]
[PlyCount "29"]
[EventDate "2009.02.28"]
[EventType "swiss"]
[EventRounds "9"]
[EventCountry "FRA"]
[Source "lmi"]
[SourceDate "2009.02.28"]

1. e4 e6 2. d4 d5 3. Nd2 c5 4. Ngf3 Nf6 5. exd5 Nxd5 6. dxc5 Nd7 7. g3 Nxc5 8.
Bg2 Be7 9. O-O O-O 10. Nb3 Qc7 11. c4 Nxb3 12. axb3 Nb4 13. Bf4 Qb6 14. Ne5 Nc6
15. Nxc6 1/2-1/2

[Event "25. Open Cappelle la Grande 2009"]
[Site "Cappelle la Grande FRA"]
[Date "2009.03.03"]
[Round "5.93"]
[White "Bitalzadeh, Ali"]
[Black "Grandadam, Nicolas"]
[Result "1/2-1/2"]
[WhiteElo "2400"]
[BlackElo "2145"]
[PlyCount "73"]
[EventDate "2009.02.28"]
[EventType "swiss"]
[EventRounds "9"]
[EventCountry "FRA"]
[Source "lmi"]
[SourceDate "2009.02.28"]

1. d4 d5 2. c4 e6 3. Nc3 c6 4. e4 dxe4 5. Nxe4 Bb4+ 6. Nc3 Nf6 7. Nf3 c5 8. a3
Bxc3+ 9. bxc3 O-O 10. Be2 Nc6 11. O-O h6 12. Be3 Qa5 13. Qc2 cxd4 14. cxd4 Ne7
15. Rfb1 Qc7 16. Qd2 b6 17. Ne5 Nd7 18. Ng4 f5 19. Bf4 Qd8 20. Bf3 fxg4 21.
Bxa8 Ba6 22. Be4 Bxc4 23. Bd6 Rf7 24. Rc1 Bd5 25. Bxe7 Rxe7 26. Bxd5 exd5 27.
Rc6 Qe8 28. Rac1 Nc5 29. R6xc5 bxc5 30. dxc5 Qc6 31. Qb4 h5 32. g3 Kh7 33. Qf4
g6 34. Qf8 Rc7 35. Qb8 d4 36. Re1 Qxc5 37. Re8 1/2-1/2